000 00465nam a2200181Ia 4500
001 3248
005 20260306144907.0
008 260306t2012||||xx |||||||||||||| ||spa||
041 _aESP
082 _a262.91
_bJ81D
100 _aJuan Pablo II, Papa
_eAUT
245 0 _aDives in misericordia:
_bsobre la misericordia divina, carta encíclica
260 _c2012
300 _a66 páginas :
_c20 cm.
650 _aGEN
654 _aCHU
942 _cLIB
_dJUS
_fJUS
_2ddc
_n
999 _c3248
_d3248